000 01041nam0a22002771 4500
001 rc\897051
005 20041129094242.9
035 _a(NLR Aleph) 006073220
090 _a5022444
_c5022444
100 _a20041129d1984 u |0rusy50 ca
101 0 _arus
102 _aRU
105 _aa |||||||||
200 1 _aКорреляционный анализ телесейсмических наблюдений на сейсмической группе
_fМ.Ф. Невский, О.С. Фокин, Л.П. Филимонова
210 _aМ.
_cИн-т физики Земли
_d1984
215 _a47 с.
_cил.
_d31
225 1 _aПрепринт
_fАН СССР, Ин-т физики Земли им. О.Ю. Шмидта
_v№ 4
320 _aБиблиогр.: с. 45-47
700 1 _aНевский
_bМ. В.
_gМихаил Васильевич
701 1 _aФокин
_bО. С.
701 1 _aФилимонова
_bЛ. П.
801 0 _aRU
_bNLR
_gpsbo
801 1 _aRU
_bELAR
_2rusmarc
852 _aNLR
_j84-9/37
942 _cBOOK
980 _aNB